Money, exchange rates, and output (Registro nro. 6063)

Detalles MARC
000 -LEADER
fixed length control field 02126 a2200229 4500
001 - CONTROL NUMBER
control field 56892
005 - DATE AND TIME OF LATEST TRANSACTION
control field 20260407155832.0
008 - FIXED-LENGTH DATA ELEMENTS--GENERAL INFORMATION
fixed length control field 260407a1996 arg spa d
003 - CONTROL NUMBER IDENTIFIER
control field AR-UNSa-BCEJYS
040 ## - CATALOGING SOURCE
Original cataloging agency AR-UNSa-BCEJYS
Language of cataloging spa
Transcribing agency AR-UNSa-BCEJYS
080 ## - UNIVERSAL DECIMAL CLASSIFICATION NUMBER
Universal Decimal Classification number 338.23:336.74
Common auxiliary subdivision Política monetaria
020 ## - INTERNATIONAL STANDARD BOOK NUMBER
International Standard Book Number 0-262-03236-8
041 ## - LANGUAGE CODE
Language code of text/sound track or separate title spa
100 1# - MAIN ENTRY--PERSONAL NAME
Personal name Calvo, Guillermo A.
245 10 - TITLE STATEMENT
Title Money, exchange rates, and output
264 #1 - PRODUCTION, PUBLICATION, DISTRIBUTION, MANUFACTURE, AND COPYRIGHT NOTICE
Place of production, publication, distribution, manufacture Cambridge :
Name of producer, publisher, distributor, manufacturer The MIT Press
Date of production, publication, distribution, manufacture, or copyright notice 1996
300 ## - PHYSICAL DESCRIPTION
Extent xxv, 510 p.
Dimensions 24 cm.
505 ## - FORMATTED CONTENTS NOTE
Formatted contents note 1. On the Time Consistency of Optimal Policy in a Monetary Economy – 2. On the Flexibility of Monetary Policy: The Case of the Optimal Inflation Tax – 3. On the Indeterminacy of Interest Rates and Wages whith Perfect Foresight – 4. Staggered Prices in a Utility-Maximizing Framework – 5. Devaluation: Levels versus rates – 6. Real Exchange Rate Dynamics with Fixed Nominal Parities: Structural Change and Overshooting – 7. Trying to Stabilize: Some Theoretical Reflections Based on the Case of Argentina – 8. From Currency Substitution to Dollarization and Beyond: Analytical and Policy Issues – 9. A Model of Exchange Rate Determination under Currency Substitution and Rational Expectations – 10. Currency Substitution and the Real Exchange Rate: The Utility Maximization Approach – 11. Servicing the Public Debt: The Role of Expectations – 12. Indexation and Maturity of Government Bonds: An Exploratory Model – 13. The Perils of Sterilization – 14. Optimal Inflation Tax under Precommitment: Theory and Evidence – 15. Incredible Reforms – 16. On the Costs of Temporary Policy – 17. Anticipated Devaluations – 18. Exchange Rate-Based Stabilisation under Imperfect Credibility – 19. Stabilizing a Previously Centrally Planned Economy: Poland – 20. Output Collapse in Eastern Europe: The Role of Credit – 21. Money Demand, Bank Credit, and Economic Performance in Former Socialist Economies
590 ## - LOCAL NOTE (RLIN)
Local note niveau_biblio:m niveau_hierar:0
856 41 - ELECTRONIC LOCATION AND ACCESS
Uniform Resource Identifier <a href="https://biblioeco.unsa.edu.ar/pmb/images/libros/L128624.jpg">https://biblioeco.unsa.edu.ar/pmb/images/libros/L128624.jpg</a>
Link text Imagen de portada
Electronic format type image/jpeg
942 ## - ADDED ENTRY ELEMENTS (KOHA)
Koha item type
Existencias
Withdrawn status Lost status Damaged status Not for loan Home library Current library Shelving location Date acquired Total checkouts Full call number Barcode Date last seen Price effective from Koha item type
        Biblioteca Prof. Eusebio Cleto del Rey Biblioteca Prof. Eusebio Cleto del Rey   07/04/2026   338.23:336.74 C169 L128624 07/04/2026 07/04/2026 Libro